000 00601nam a22001817a 4500
008 150318b xxu||||| |||| 00| 0 eng d
020 _a0870235214
050 _aBD553.F25 1986
100 _aFaber, R.J.
_916425
245 _aClockwork garden
_bon the mechanistic reduction of living things
_c/by Roger J. Faber
260 _aMassachusetts
_bThe University of Massachusetts Press
_c1986
300 _axii,255p. ;
_c24cm.
650 _aMechanism (Philosophy)
_916426
650 _aMind and body
_914387
650 _aQuantum theory
_916427
650 _aTeleology
_913827
942 _2lcc
_cMONOGRAPH
999 _c122466
_d122466